Géométrie contemporaine : méthodes et applications : (en trois parties) /
Guardado en:
| Autor Principal: | |
|---|---|
| Otros Autores: | , |
| Formato: | Libro |
| Idioma: | French Russian |
| Publicado: |
Moscou :
Mir,
c1987.
|
| Series: | Traduit du russe. Mathématiques
|
| Etiquetas: |
Agregar Etiqueta
Sin Etiquetas, Sea el primero en etiquetar este registro!
|
| LEADER | 00919nam a22002295a 4500 | ||
|---|---|---|---|
| 001 | MAT.inmabb005322 | ||
| 008 | 090219s1987####ru#a#####b####001#0#fre#d | ||
| 005 | 20170519115328.0 | ||
| 245 | 1 | 0 | |a Géométrie contemporaine : |b méthodes et applications : (en trois parties) / |c B. Doubrovine, S. Novikov, A. Fomenko ; [traduit du russe par Vladimir Kotliar]. |
| 260 | |a Moscou : |b Mir, |c c1987. | ||
| 300 | |a 3 v. : |b il. ; |c 23 cm. | ||
| 440 | 0 | |a Traduit du russe. |p Mathématiques | |
| 504 | |a Incluye referencias bibliográficas e índice. | ||
| 505 | 1 | |a 3e. pt. Méthodes de la théorie de l'homologie. | |
| 500 | |a La biblioteca sólo posee la parte 3. |5 AR-BbIMB | ||
| 100 | 1 | |a Dubrovin, B. A. | |
| 240 | 1 | 0 | |a Sovremennaia geometriia. |l Francés |
| 700 | 1 | |a Novikov, Sergei Petrovich. | |
| 700 | 1 | |a Fomenko, A. T. | |
| 084 | |a 55-02 (57-02 58-01) |2 msc2000 | ||
| 041 | 1 | |a fre |h rus | |
| 859 | |h 55 |i D819 |p A-6407 |v 3 |3 Pt. 3 |b BIB. MATEMATICA | ||
